000
00246nam a2200097Ia 4500
001
945453
005
20250826215423.0
008
250824s9999 xx 000 0 und d
245
0
_a
KÜÇÜK KARA BALIK
_c
SAMED BEHRENGİ
260
_b
AKVARYUM YAYINLARI
999
_c
945453
_d
945453